[Event "ROM-ch U14"]
[Site "Calimanesti Caciulata"]
[Date "2016.04.23"]
[Round "7"]
[White "Eftenoiu, Traianis"]
[Black "Ignat, Matei Marius"]
[Result "1/2-1/2"]
[WhiteElo "1325"]
[BlackElo "1575"]
[PlyCount "65"]
[EventDate "2016.04.18"]
[EventType "swiss"]
[EventRounds "9"]
[EventCountry "ROU"]
[SourceTitle "CBM 172 Extra"]
[Source "ChessBase"]
[SourceDate "2016.06.21"]
[SourceVersion "1"]
[SourceVersionDate "2016.06.21"]
[SourceQuality "1"]

1. e4 e5 2. Nf3 Nc6 3. Bb5 d6 4. Bxc6+ bxc6 5. h3 f5 6. d3 f4 7. Nc3 Nf6 8. g3 fxg3 9. fxg3 g6 10. b3 Bg7 11. Bb2 0-0 12. Qe2 Bd7 13. 0-0-0 c5 14. g4 a5 15. a4 Rb8 16. Nb5 Bxb5 17. axb5 Qd7 18. c4 c6 19. bxc6 Qxc6 20. Qc2 Nxg4 21. hxg4 Rxf3 22. Bc3 Ra8 23. Rdf1 Rxf1+ 24. Rxf1 a4 25. b4 Rf8 26. Rxf8+ Kxf8 27. bxc5 dxc5 28. Qh2 Qf6 29. Kb2 Qg5 30. Qf2+ Kg8 31. Qxc5 Qxg4 32. Qd5+ Kf8 33. Qd6+ 1/2-1/2